Reverse Alphabet: Television Quiz Stats

 Plays Quiz Updated Feb 22, 2018

Challenge
Share
Tweet
Embed
Score 0/26 Timer 06:00
5 Plays Today
Question Answer Wrong Answers
*T*
Click the missing title word:
The Big Bang _____
Theory
96.7%
Tunnel
0.2%
Timewarp
0.1%
Theorum
0.2%
*S*
Click the TV show which is NOT
a cartoon (i.e. not animated)
Six Feet Under
95.4%
Spongebob Squarepants
0.3%
(The) Simpsons
0.2%
Samurai Jack
1.2%
*O*
Click the missing title words:
The People v. _____: American Crime Story
O. J. Simpson
94.2%
Orville Wright
0.5%
Oliver Platt
0.9%
Osama bin Laden
0.9%
*X*
Click the missing title word:
____: Warrior Princess
Xena
93.6%
Xenia
3.9%
Xander
0.9%
Xenophilius
0.3%
*M*
Click the real American TV channel
(cable and satellite)
MTV
93.3%
MMP
0.9%
MVP
1.4%
MPEG
0.8%
*L*
Click the ABC series which follows
the survivors of Oceanic Flight 815
Lost
93.1%
L.A. Law
0.7%
Lassie
0.2%
Law & Order
2.4%
*Y*
Click the classic soap-opera
set in Wisconsin
(The) Young and the Restless
92.9%
(The) Young and the Shirtless
1.2%
(The) Young and the Old
3.5%
(The) Yellow Mustang
1.4%
*P*
Click the missing title word:
It's Always Sunny in _____
Philadelphia
92.8%
Paris
0.8%
Pittsburgh
1.9%
Portland
1.1%
*D*
Click the missing title word:
The Walking _____
Dead
92.2%
Dad
0.4%
Dread
0.7%
Deed
2.3%
*J*
Click the US quiz show created by Merv Griffin
where contestants respond in the form of questions
Jeopardy!
91.9%
Jumanji
0.5%
(The) Joker's Wild
1.6%
Jackpot!
2.2%
*E*
Click the character from the animated
comedy series South Park
Eric Cartman
87.8%
Eric Clapton
1.9%
Eric Forman
4.1%
Eric Idle
1.8%
*H*
Click the Emmy-winning host
of reality series Project Runway
Heidi Klum
86.3%
Heidi Montag
4.9%
Helen Hunt
1.9%
Heather Locklear
2.9%
*N*
Click the name of Jerry's nemesis on Seinfeld,
played by Wayne Knight
Newman
84.8%
Nermal
1.9%
Nugent
4.1%
Niles
5.5%
*W*
Click the futuristic 2016 series
based on a 1973 film of the same name
Westworld
83.7%
White Dwarf
4.6%
Wayward Pines
9.3%
Weird Loners
0.5%
*K*
Click the sitcom which debuted in 1998,
starring Kevin James and Leah Remini
(The) King of Queens
83.1%
King of the Hill
10%
Knight Rider
1.6%
(The) Kids in the Hall
1.6%
*Q*
Click the surname of Family Guy character Glenn,
known for his hypersexuality and his 'Giggity'
Quagmire
81.3%
Quayle
6.2%
Quackers
3.2%
Quirke
6%
*A*
Click the American reality dating series
first released in 2014
Are You the One?
80.1%
Are You Being Served?
4.9%
Are We There Yet?
3.8%
Are You Afraid of the Dark?
6.7%
*U*
Click the Star Trek character portrayed by
Nichelle Nichols from 1966 to 1969
Uhura
79.4%
Ultron
11.3%
Usher
1.4%
Ulysses
5.2%
*I*
Click the Marvel-based TV series
which debuted on ABC in 2017
Inhumans
79.4%
I Dream of Jeannie
1.4%
iCarly
7.4%
Inked
7.8%
*Z*
Click the action-horror-comedy-drama
which premiered in 2014 on Syfy
Z Nation
77%
Z is for Zelda
11.3%
Zorba
9%
Z: The Zigzag
2.4%
*F*
Click the award-winning comedy series
featuring the recurring character 'Gunther'
Friends
75.3%
Frasier
14.1%
Family Feud
1%
Full House
5.3%
*B*
Click the family name (surname) of
the protagonists in Arrested Development
Bluth
72.2%
Booth
16.2%
Boot
2.2%
Blunderbuss
4.8%
*V*
Click the sitcom starring Kirstie Alley
which aired from 1997 to 2000
Veronica's Closet
72%
Veep
4.3%
Veronica Mars
16.2%
(The) Van Dyke Show
5.2%
*C*
Click the actor who played the Sixth Doctor
in Doctor Who, from 1984 to 1986
Colin Baker
66.8%
Christopher Plummer
21.8%
Cate Blanchett
1.5%
Christian Bale
5.3%
*G*
Click the show which has won the most
Emmy awards for Outstanding Drama Series
Game of Thrones
43.6%
(The) Good Wife
15.2%
Grey's Anatomy
36.7%
Geordie Shore
0.4%
*R*
Click the person who has NOT been
a guest star on The Simpsons
Ray Charles
41.6%
Ricky Gervais
11%
Rupert Murdoch
35.8%
Ringo Starr
8.6%

You're not logged in!

Compare scores with friends on all Sporcle quizzes.
Join for Free
OR
Log In

You Might Also Like...

Show Comments

Extras

Top Quizzes Today


Score Distribution

Your Account Isn't Verified!

In order to create a playlist on Sporcle, you need to verify the email address you used during registration. Go to your Sporcle Settings to finish the process.

Report this User

Report this user for behavior that violates our Community Guidelines.

Details: